| 000 | 02580nam a22003137 4500 | ||
|---|---|---|---|
| 999 |
_c56771 _d56771 |
||
| 001 | RU\PGU\104288 | ||
| 005 | 20190421020049.0 | ||
| 008 | 190420s2003 ru ||||| |||| 00| 0 rus d | ||
| 020 |
_a5710756121 _c:100-00 |
||
| 040 | _a190137X | ||
| 041 | _arus | ||
| 080 | _a4(075.3) B-65 | ||
| 090 | _a1868449 | ||
| 091 | _aШ141.6-923.1 | ||
| 100 |
_aВойлова, Клавдия Анатольевна _9281 |
||
| 245 |
_aСтарославянский язык : _bУчебное пособие для студ.вузов, обуч.по направл.540300-Филол.образование / _cК. А. Войлова. |
||
| 260 |
_aМ. : _bДрофа, _c2003. |
||
| 300 | _a366,[1]с. | ||
| 440 |
_aВысшее образование _9282 |
||
| 500 | _aДопущено Министерством образования Российской Федерации | ||
| 504 | _aБиблиогр.:с.361 | ||
| 520 | _aОтличительная особенность настоящего издания заключается в том, что изучение теории старославянского языка предстает в его системной организации. Впервые в одной книге предлагаются не только теоретические разделы курса («Введение», «Графика», «Фонетика», «Морфология», «Синтаксис»), но включены тренировочные упражнения и контрольные задания, представлены тексты - памятники старославянской письменности, а также словарь наиболее употребительной лексики старославянского языка с толкованием ее значения. | ||
| 521 | _aПредлагаемое пособие предназначено студентам филологических факультетов педагогических вузов и университетов. Оно может быть использовано учащимися колледжей, лицеев, изучающими историю русского литературного языка и других славянских языков. | ||
| 653 |
_aСтарославянский язык _aУчебные пособия для вузов |
||
| 653 | _aძველი სლავური ენა | ||
| 852 | _a1901371X | ||
| 876 | _p3000028143 | ||
| 942 |
_2udc _cBK |
||